000 00404nam a2200169Ia 4500
003 0100
008 130303s9999 xx 000 0 und d
040 _cARRUPELIB
050 _aD16.8.N66 1960
100 _aNorling, Bernard
245 _aTowards a better understanding of history
260 _aIndiana
260 _bUniversity of Notre Dame Press
260 _C1960
300 _a143p
942 0 0 _01
999 _c47249
_d47249